Statistiken für Größte Städte Islands

Klicken Sie hier um das Quiz zu spielen!

Allgemein

  • Dieses Quiz wurde 17 mal gespielt
  • Das Durchschnittsergebnis liegt bei 3 aus 10

Antwortstatistiken

EinwohnerzahlStadt% Korrekt
242.995Reykjavík
100%
19.887Akureyri
50%
8.084Akranes
31%
3.666Grindavík
31%
2.636Egilsstaðir
25%
2.744Ísafjörður
19%
3.214Hveragerði
6%
21.950Keflavík og Njarðvík
6%
9.683Selfoss
6%
4.523Vestmannaeyjar
6%

Verteilung der Resultate

Perzentil nach korrekt beantworteten Fragen

Anzahl Personen mit jedem Resultat

Ihre Resultats-Entwicklung

Sie haben dieses Quiz noch nicht gespielt